00713nam a2200241 a 4500001001300000003000900013005001700022008004100039020001000080082001600090100003100106245002300137260002800160300000900188500003500197505002900232650003200261700003100293902000800324942000700332952011700339999001500456nice12345678IN_TiNIC20260116012941.0050524s1994 jaia grp 000 0 eng  ac40000a297.63bHOM aHomoud, Mohammad Ali Nasir aDiplomacy in Islam aJaipurbPrintwellc1994 a297p aincludes index and biblioraphy2 aAppendices, Bibliography aMuhammad, Prophet-Diplomacy1 aHomoud, Mohammad Ali Nasir bSRS cBK 001040708StackRoom-aHMIbHMId2007-07-10g400.00l0o297.63 HOMp014772r2007-07-10v400.00w2005-05-24yBK c9021d9021